Lives of the great modern artists
Salvato in:
| Autore principale: | |
|---|---|
| Natura: | Libro |
| Lingua: | inglese |
| Pubblicazione: |
Londres
Thames and Hudson
2009
|
| Serie: | 60 Years of Thames and Hudson, 11
|
| Soggetti: | |
| Tags: |
Aggiungi Tag
Nessun Tag, puoi essere il primo ad aggiungerne!!
|
MARC
| LEADER | 00000nam a2200000 a 4500 | ||
|---|---|---|---|
| 001 | UCG2390 | ||
| 003 | CL-VaPUC | ||
| 008 | 100708e20090000UK |||||||||||||||||eng|d | ||
| 020 | |a 9780500281918 | ||
| 082 | 0 | 4 | |a 709.04 |b LUC |2 21 |
| 100 | |a Lucie-Smith, Edward |e autor |9 597870 | ||
| 245 | 1 | 0 | |a Lives of the great modern artists |
| 300 | |a 368 p | ||
| 942 | |c BK | ||
| 945 | |d 20100708 00:00:00 |a dcastane | ||
| 260 | |a Londres |b Thames and Hudson |c 2009 | ||
| 650 | 0 | |a Artistas modernos |9 545437 | |
| 650 | 0 | |a Arte moderno |y Siglo 20 |9 265274 | |
| 650 | 0 | |a Arte |y Siglo 20 |9 267709 | |
| 583 | |a last modification |c 20100708 00:00:00 |k Rodrigo Vera | ||
| 490 | 0 | |a 60 Years of Thames and Hudson, 11 | |
| 999 | |c 341605 |d 341603 | ||
| 952 | |0 0 |1 0 |4 0 |6 709_040000000000000_LUC_2009 |7 0 |8 A |9 437221 |a BIBART |b BIBART |d 2019-11-22 |i 4689887 |o 709.04 LUC 2009 |p 4689887 |r 2025-03-13 |w 2019-11-22 |y BK |k ART | ||